Сорбция свинца гуминовыми веществами; Химия и химическая технология в XXI веке; Т. 2

Dades bibliogràfiques
Parent link:Химия и химическая технология в XXI веке: материалы XXVI Международной научно-практической конференции студентов и молодых ученых имени выдающихся химиков Л. П. Кулёва и Н. М. Кижнера, посвященной 125-летию со дня рождения профессора Л. П. Кулёва, 19-23 мая 2025 г., г. Томск/ Национальный исследовательский Томский политехнический университет.— .— Томск: Изд-во ТПУ, 2025
Т. 2.— 2025.— С. 41-42
Autor principal: Мушкарина А. В.
Altres autors: Передерин Ю. В. Юрий Владимирович (научный руководитель), Усольцева И. О. Ирина Олеговна
Sumari:Заглавие с экрана
Текстовый файл
Idioma:rus
Publicat: 2025
Matèries:
Accés en línia:http://earchive.tpu.ru/handle/11683/135274
Format: Electrònic Capítol de llibre
KOHA link:https://koha.lib.tpu.ru/cgi-bin/koha/opac-detail.pl?biblionumber=684775

MARC

LEADER 00000naa2a2200000 4500
001 684775
005 20260325142539.0
090 |a 684775 
100 |a 20260210d2025 k||y0rusy50 ca 
101 0 |a rus 
102 |a RU 
135 |a drcn ---uucaa 
200 1 |a Сорбция свинца гуминовыми веществами  |f А. В. Мушкарина  |g науч. рук. Ю. В. Передерин, И. О. Усольцева 
300 |a Заглавие с экрана 
320 |a Список литературы: 3 назв 
336 |a Текстовый файл 
461 1 |0 684476  |9 684476  |t Химия и химическая технология в XXI веке  |o материалы XXVI Международной научно-практической конференции студентов и молодых ученых имени выдающихся химиков Л. П. Кулёва и Н. М. Кижнера, посвященной 125-летию со дня рождения профессора Л. П. Кулёва, 19-23 мая 2025 г., г. Томск  |f Национальный исследовательский Томский политехнический университет  |c Томск  |d 2025  |n Изд-во ТПУ 
463 1 |0 684479  |9 684479  |t Т. 2  |d 2025  |v С. 41-42  |u conference_tpu-2025-C27_V2.pdf 
545 1 |a Химическая технология редких, рассеянных и радиоактивных элементов 
610 1 |a труды учёных ТПУ 
610 1 |a электронный ресурс 
610 1 |a сорбция 
610 1 |a свинец 
610 1 |a гуминовые вещества 
700 1 |a Мушкарина  |b А. В. 
702 1 |a Передерин  |b Ю. В.  |c химик-технолог  |c доцент Томского политехнического университета, кандидат технических наук  |f 1980-  |g Юрий Владимирович  |4 727 
702 1 |a Усольцева  |b И. О.  |c химик  |c старший преподаватель Томского политехнического университета  |f 1993-  |g Ирина Олеговна  |4 727 
801 0 |a RU  |b 63413507  |c 20260210  |g RCR 
850 |a 63413507 
856 4 0 |u http://earchive.tpu.ru/handle/11683/135274  |z http://earchive.tpu.ru/handle/11683/135274 
942 |c CF